Normal view
MARC view
- International finance |v Congresses.
Entry Topical Term
001 - CONTROL NUMBER
- control field: 3492
003 - CONTROL NUMBER IDENTIFIER
- control field: OSt
005 - DATE AND TIME OF LATEST TRANSACTION
- control field: 20170511130030.0
008 - FIXED-LENGTH DATA ELEMENTS
- fixed length control field: 170511|| aca||aabn | a|a d
040 ## - CATALOGING SOURCE
- Original cataloging agency: OSt
- Transcribing agency: OSt
150 ## - HEADING--TOPICAL TERM
- Topical term or geographic name entry element: International finance |v Congresses.
670 ## - SOURCE DATA FOUND
- Source citation: Work cat.: (OSt): The International monetary system, 1982.

PORTAL AKMAL
E-MEL JKDM
AKMAL2U
G-BAM
u-PUSTAKA